Fronteras de Países de una Frontera - Estadísticas

Estadísticas generales
  • Esta prueba ha sido intentada 4.458 veces
  • La puntuación promedio es 10 de 15
Estadísticas de respuestas
País de una Frontera País Limítrofe % Correcto
Portugal España
82%
San Marino Italia
80%
Lesoto Sudáfrica
78%
Corea del Sur Corea del Norte
75%
Canadá Estados Unidos
75%
Timor Oriental Indonesia
75%
República Dominicana Haití
74%
Irlanda Reino Unido
68%
Mónaco Francia
67%
Reino Unido Irlanda
65%
Dinamarca Alemania
64%
Brunéi Malasia
64%
Haití República Dominicana
60%
Catar Arabia Saudita
59%
Gambia Senegal
52%
No se encontraron pruebas coincidentes
Distribución de puntuación
Porcentaje de gente con cada puntuación
Porcentaje por número respondido
Historial de tus puntuaciones
No has intentado esta prueba.